Excellence in teaching with the seven laws: (Record no. 14877)

000 -LEADER
fixed length control field 00837nam a2200217 a 4500
001 - CONTROL NUMBER
control field :::00012712$&:&@@
003 - CONTROL NUMBER IDENTIFIER
control field OkBaRHE
005 - DATE AND TIME OF LATEST TRANSACTION
control field 20000607103422.0
008 - FIXED-LENGTH DATA ELEMENTS--GENERAL INFORMATION
fixed length control field s1985 j 000 0 eng u
040 ## - CATALOGING SOURCE
Transcribing agency
100 1# - MAIN ENTRY--PERSONAL NAME
Personal name Gregory, John Milton, 1822-1898.
245 10 - TITLE STATEMENT
Title Excellence in teaching with the seven laws:
Remainder of title a contemporary abridgment of Gregory's Seven laws of teaching.
260 ## - PUBLICATION, DISTRIBUTION, ETC. (IMPRINT)
Place of publication, distribution, etc Grand Rapids, MI., :
Name of publisher, distributor, etc Baker Book House
Date of publication, distribution, etc c1985
300 ## - PHYSICAL DESCRIPTION
Extent 96 p. ;
Dimensions 21 cm.
650 ## - SUBJECT ADDED ENTRY--TOPICAL TERM
Topical term or geographic name as entry element Teaching
700 ## - ADDED ENTRY--PERSONAL NAME
Personal name Gregory, John Milton, 1822-1898. Seven laws of teaching.
700 ## - ADDED ENTRY--PERSONAL NAME
Personal name Shafer, Carl, Ed.
942 ## - ADDED ENTRY ELEMENTS (KOHA)
Source of classification or shelving scheme
Koha item type Books
Copies
Copy number Source of classification or shelving scheme Price effective from Full call number Not for loan Withdrawn status Lost status Permanent Location Barcode Damaged status Date last seen Koha item type Shelving location Date acquired
1 2010-04-14LB 1025 .G83   RHEMA Bible Training College12712 2010-04-14BooksGeneral Stacks2010-04-14
2 2010-04-14LB 1025 .G83   RHEMA Bible Training College20567 2010-04-14BooksGeneral Stacks2010-04-14